Descartes' error : (Record no. 1476)

000 -LEADER
fixed length control field 01487nam a22005297a 4500
001 - CONTROL NUMBER
control field 4866615
003 - CONTROL NUMBER IDENTIFIER
control field LIBRIS
005 - DATE AND TIME OF LATEST TRANSACTION
control field 20210426063413.0
008 - FIXED-LENGTH DATA ELEMENTS--GENERAL INFORMATION
fixed length control field 011211s1995 xxu 000 0 eng c
020 ## - INTERNATIONAL STANDARD BOOK NUMBER
International Standard Book Number 0380726475
040 ## - CATALOGING SOURCE
Original cataloging agency Ups
Language of cataloging eng
Transcribing agency DLC
041 ## - LANGUAGE CODE
Language code of text/sound track or separate title eng
080 ## - UNIVERSAL DECIMAL CLASSIFICATION NUMBER
Universal Decimal Classification number 15
Item number D-17
082 04 - DEWEY DECIMAL CLASSIFICATION NUMBER
Classification number 153.43
Edition number 22/swe
084 ## - OTHER CLASSIFICATION NUMBER
Classification number Dodf
Number source kssb/6
084 ## - OTHER CLASSIFICATION NUMBER
Classification number Doeba
Number source kssb/6
084 ## - OTHER CLASSIFICATION NUMBER
Classification number Dodf
Number source kssb/6
084 ## - OTHER CLASSIFICATION NUMBER
Classification number Doeba
Number source kssb/6
084 ## - OTHER CLASSIFICATION NUMBER
Classification number Dodf
Number source kssb/6
084 ## - OTHER CLASSIFICATION NUMBER
Classification number Doeba
Number source kssb/6
100 1# - MAIN ENTRY--PERSONAL NAME
Personal name Damasio, Antonio R.
Authority record control number or standard number 228541
245 00 - TITLE STATEMENT
Title Descartes' error :
Remainder of title emotion, reason, and the human brain /
Statement of responsibility, etc. / by: Avon Books
260 ## - PUBLICATION, DISTRIBUTION, ETC.
Place of publication, distribution, etc. New York
Name of publisher, distributor, etc. Avon Books
Date of publication, distribution, etc. 1995
300 ## - PHYSICAL DESCRIPTION
Extent 312 s.
Other physical details ill.
365 ## - TRADE PRICE
Price amount 13.50 usd
650 #2 - SUBJECT ADDED ENTRY--TOPICAL TERM
Topical term or geographic name entry element Cognition
650 #0 - SUBJECT ADDED ENTRY--TOPICAL TERM
Topical term or geographic name entry element Science
9 (RLIN) 681
650 #2 - SUBJECT ADDED ENTRY--TOPICAL TERM
Topical term or geographic name entry element Emotion
650 #2 - SUBJECT ADDED ENTRY--TOPICAL TERM
Topical term or geographic name entry element Neuropsychology
650 #2 - SUBJECT ADDED ENTRY--TOPICAL TERM
Topical term or geographic name entry element Emotions
650 #2 - SUBJECT ADDED ENTRY--TOPICAL TERM
Topical term or geographic name entry element Cognition
650 #2 - SUBJECT ADDED ENTRY--TOPICAL TERM
Topical term or geographic name entry element Emotion
650 #2 - SUBJECT ADDED ENTRY--TOPICAL TERM
Topical term or geographic name entry element Neuropsychology
653 ## - INDEX TERM--UNCONTROLLED
Uncontrolled term მეცნიერება
942 ## - ADDED ENTRY ELEMENTS (KOHA)
Source of classification or shelving scheme
Koha item type Books
Holdings
Withdrawn status Lost status Source of classification or shelving scheme Damaged status Not for loan Permanent location Current location Date acquired Inventory number Full call number Barcode Date last seen Price effective from Koha item type
          Ken Walker International University Ken Walker International University 02/17/2021 605 15 D-17 605 02/17/2021 02/17/2021 Books

Powered by Koha